[Event "L. Polugaevsky Memorial 2012"]
[Site "Samara"]
[Date "2012.07.05"]
[Round "1.38"]
[White "Palachev, Petr"]
[Black "Orekhov, Vladislav"]
[Result "1-0"]
[WhiteElo "2287"]
[BlackElo "1792"]
[PlyCount "47"]
[EventDate "2012.07.05"]

1. d4 c5 2. e3 g6 3. Nf3 Bg7 4. Bd3 cxd4 5. exd4 d6 6. O-O Bg4 7. c3 Nh6 8. h3
Bd7 9. Bf4 Na6 10. Qd2 Ng8 11. Re1 Qb6 12. Na3 d5 13. c4 Bc6 14. c5 Qd8 15. b4
Nc7 16. b5 Bd7 17. c6 bxc6 18. bxc6 Be6 19. Qa5 Rc8 20. Rab1 Bf5 21. Rb7 Ne6
22. c7 Qd7 23. Bb5 Nxf4 24. Rb8 1-0

[Event "L. Polugaevsky Memorial 2012"]
[Site "Samara"]
[Date "2012.07.05"]
[Round "1.39"]
[White "Velichko, Artemy"]
[Black "Nugumanov, Bakhtiyar"]
[Result "0-1"]
[WhiteElo "1761"]
[BlackElo "2279"]
[PlyCount "58"]
[EventDate "2012.07.05"]

1. d4 Nf6 2. c4 g6 3. Nc3 Bg7 4. Nf3 O-O 5. Bg5 h6 6. Bh4 d6 7. e3 e6 8. Be2 g5
9. Bg3 Nh5 10. Qc2 f5 11. Nd2 Nxg3 12. hxg3 c5 13. Nb3 cxd4 14. exd4 Nc6 15.
Rd1 a5 16. a4 Bd7 17. Qd2 Nb4 18. O-O Rc8 19. c5 Bc6 20. Bc4 d5 21. Bb5 f4 22.
Rde1 fxg3 23. fxg3 Qc7 24. Rxf8+ Rxf8 25. Rxe6 Qxg3 26. Nxa5 Rf4 27. Nb3 Rh4
28. Qf2 Qh2+ 29. Kf1 Rf4 0-1

[Event "L. Polugaevsky Memorial 2012"]
[Site "Samara"]
[Date "2012.07.05"]
[Round "1.40"]
[White "Iliushkin, Evgeny"]
[Black "Sinyanskiy, Maxim"]
[Result "1-0"]
[WhiteElo "2264"]
[BlackElo "1753"]
[PlyCount "69"]
[EventDate "2012.07.05"]

1. c4 Nf6 2. Nf3 g6 3. e3 Bg7 4. Be2 O-O 5. O-O d6 6. Nc3 c5 7. d4 cxd4 8. exd4
Bd7 9. Be3 Na6 10. h3 Nc7 11. Qd2 Rb8 12. d5 b6 13. Nd4 e5 14. dxe6 fxe6 15. a4
d5 16. Ndb5 Bxb5 17. axb5 dxc4 18. Rxa7 Qxd2 19. Bxd2 Ncd5 20. Bxc4 Rfd8 21.
Re1 Rd6 22. Nxd5 Nxd5 23. Rxe6 Rxe6 24. Bxd5 Rbe8 25. Be3 Bxb2 26. Rb7 Kh8 27.
Bxe6 Rxe6 28. Rxb6 Re5 29. Rb7 Kg8 30. Kf1 h5 31. h4 Re4 32. g3 Rb4 33. Ke2 Be5
34. Kd3 Kf8 35. Bc5+ 1-0

[Event "L. Polugaevsky Memorial 2012"]
[Site "Samara"]
[Date "2012.07.05"]
[Round "1.41"]
[White "Vdovin, Maxim"]
[Black "Sukhareva, Evgeniya"]
[Result "0-1"]
[WhiteElo "1752"]
[BlackElo "2259"]
[PlyCount "72"]
[EventDate "2012.07.05"]

1. d4 d5 2. Nf3 e6 3. g3 b5 4. Bg2 Bb7 5. O-O Nf6 6. Nbd2 c5 7. b3 Nbd7 8. Bb2
Rc8 9. Re1 Qb6 10. c3 Be7 11. e3 O-O 12. Rb1 Qc7 13. Rc1 b4 14. cxb4 Ne4 15. h3
f5 16. Nh2 Bd6 17. Nxe4 fxe4 18. Qg4 Rf6 19. Nf1 Rcf8 20. Rc2 Bc8 21. Qd1 Nb6
22. Ree2 Bd7 23. Bc1 Be8 24. g4 Bd7 25. Bd2 Nc8 26. Be1 Ne7 27. Ng3 Ng6 28. Nh5
R6f7 29. Qc1 Nh4 30. Qa3 Nf3+ 31. Kf1 g6 32. Nf4 Bxf4 33. exf4 Qxf4 34. Bd2 Qh2
35. Bxf3 exf3 36. Be3 Qh1# 0-1

[Event "L. Polugaevsky Memorial 2012"]
[Site "Samara"]
[Date "2012.07.05"]
[Round "1.42"]
[White "Mirzoeva, Elmira"]
[Black "Rumyantsev, Nikolay"]
[Result "1-0"]
[WhiteElo "2251"]
[BlackElo "1742"]
[PlyCount "49"]
[EventDate "2012.07.05"]

1. d4 Nf6 2. c4 e5 3. dxe5 Ng4 4. Nf3 Nc6 5. e3 Ngxe5 6. Be2 Be7 7. Nc3 O-O 8.
O-O a6 9. Nd5 Bc5 10. Nxe5 Nxe5 11. b4 Ba7 12. Bb2 f6 13. c5 d6 14. f4 Nf7 15.
Bd3 Nh6 16. Qc2 c6 17. Nb6 Bxb6 18. cxb6 Qe8 19. Bxh7+ Kh8 20. Rf3 f5 21. Rg3
Ng4 22. Rh3 Qe7 23. Bxf5+ Kg8 24. Bxg4 Bxg4 25. Qh7+ 1-0

[Event "L. Polugaevsky Memorial 2012"]
[Site "Samara"]
[Date "2012.07.05"]
[Round "1.43"]
[White "Loginov, Ilya"]
[Black "Purygin, Andrei"]
[Result "0-1"]
[WhiteElo "1740"]
[BlackElo "2249"]
[PlyCount "62"]
[EventDate "2012.07.05"]

1. e4 c5 2. Nf3 d6 3. Bb5+ Nd7 4. O-O Ngf6 5. Re1 g6 6. c3 a6 7. Bf1 Bg7 8. d4
O-O 9. Bg5 h6 10. Bxf6 Nxf6 11. Nbd2 Qc7 12. Rc1 Rd8 13. b4 b6 14. g3 e6 15.
Bg2 Bb7 16. a3 Rac8 17. c4 cxd4 18. Nxd4 Qb8 19. N4b3 Rd7 20. c5 dxc5 21. bxc5
Bc6 22. cxb6 Qxb6 23. Nc4 Rxd1 24. Nxb6 Rxe1+ 25. Rxe1 Rb8 26. e5 Bxg2 27. exf6
Rxb6 28. fxg7 Rxb3 29. Kxg2 Rxa3 30. Rc1 h5 31. h4 Kxg7 0-1

[Event "L. Polugaevsky Memorial 2012"]
[Site "Samara"]
[Date "2012.07.05"]
[Round "1.44"]
[White "Natacheev, Peter"]
[Black "Kalashnikova, Elena"]
[Result "1-0"]
[WhiteElo "2242"]
[BlackElo "1706"]
[PlyCount "113"]
[EventDate "2012.07.05"]

1. e4 d5 2. exd5 Nf6 3. Nf3 Nxd5 4. d4 Bg4 5. Be2 e6 6. O-O Be7 7. h3 Bxf3 8.
Bxf3 c6 9. Nc3 O-O 10. Ne4 Nd7 11. Re1 N7f6 12. c3 Qc7 13. Qc2 h6 14. Bd2 Rac8
15. Rad1 Rfe8 16. c4 Nxe4 17. Bxe4 Nf6 18. Bf3 Qb8 19. b3 Bd6 20. Bc3 e5 21.
Qf5 exd4 22. Bxd4 Rxe1+ 23. Rxe1 Re8 24. Rxe8+ Qxe8 25. g3 Qe7 26. Bxa7 Nd7 27.
Bd4 g6 28. Qe4 Ne5 29. Bg2 Nd7 30. Qxe7 Bxe7 31. Kf1 Nb8 32. Ke2 Na6 33. Bb2
Nb4 34. a3 Na6 35. b4 Nc7 36. Bc3 Ne8 37. Kd3 Bf6 38. Bd2 h5 39. a4 Nd6 40. c5
Nc8 41. Kc4 Be7 42. b5 cxb5+ 43. axb5 b6 44. Bb7 Bxc5 45. Bxc8 Bxf2 46. Bf4 Kg7
47. Kd5 Kf6 48. Kc6 Ke7 49. Bc7 f5 50. Bxb6 Bxg3 51. Bc5+ Kd8 52. Be6 h4 53. b6
Bb8 54. Bd6 f4 55. Bxb8 f3 56. Bd6 f2 57. b7 1-0

[Event "L. Polugaevsky Memorial 2012"]
[Site "Samara"]
[Date "2012.07.05"]
[Round "1.45"]
[White "Kiryushova, Dariya"]
[Black "Zhurikhin, Alexander"]
[Result "0-1"]
[WhiteElo "1617"]
[BlackElo "2240"]
[PlyCount "92"]
[EventDate "2012.07.05"]

1. e4 e5 2. Nf3 Nc6 3. d4 exd4 4. Nxd4 Nf6 5. Nxc6 bxc6 6. Bd3 d5 7. exd5 cxd5
8. O-O Be7 9. c4 O-O 10. cxd5 Nxd5 11. Bc4 Be6 12. Bxd5 Bxd5 13. Nc3 Bc4 14.
Qxd8 Rfxd8 15. Re1 Bf6 16. Bf4 Rdb8 17. Bxc7 Rxb2 18. Be5 Bxe5 19. Rxe5 Rd8 20.
a3 g6 21. Nd1 Ra2 22. Rc1 Rxa3 23. h3 Be6 24. Ne3 Ra2 25. Rc2 Rxc2 26. Nxc2
Rd1+ 27. Re1 Rxe1+ 28. Nxe1 Bb3 29. Nd3 a5 30. Nb2 a4 31. Nxa4 Bxa4 32. g4 g5
33. Kg2 Kg7 34. Kg3 h6 35. f4 f6 36. h4 Bc6 37. hxg5 hxg5 38. fxg5 fxg5 39. Kf2
Kf6 40. Ke3 Ke5 41. Kf2 Kf4 42. Kg1 Kxg4 43. Kh2 Kf3 44. Kh3 g4+ 45. Kh2 g3+
46. Kh1 Kf2# 0-1

[Event "L. Polugaevsky Memorial 2012"]
[Site "Samara"]
[Date "2012.07.05"]
[Round "1.47"]
[White "Zernov, Egor"]
[Black "Popov, Alexey"]
[Result "0-1"]
[WhiteElo "1498"]
[BlackElo "2229"]
[PlyCount "58"]
[EventDate "2012.07.05"]

1. e4 e6 2. d3 d5 3. Nd2 c5 4. Ngf3 Nc6 5. g3 Nf6 6. Bg2 Be7 7. O-O O-O 8. e5
Nd7 9. Re1 Qc7 10. Qe2 b5 11. Nf1 a5 12. a3 Ba6 13. Bf4 Nd4 14. Nxd4 cxd4 15.
h4 Nb6 16. h5 Kh8 17. Qd2 b4 18. a4 b3 19. c3 dxc3 20. bxc3 Rac8 21. Rec1 Bxd3
22. h6 g5 23. Bxg5 Nc4 24. Qf4 Bxg5 25. Qxg5 Qxe5 26. Qg4 f5 27. Qf3 Be2 28.
Qf4 Qxf4 29. gxf4 b2 0-1

[Event "L. Polugaevsky Memorial 2012"]
[Site "Samara"]
[Date "2012.07.06"]
[Round "2.1"]
[White "Khismatullin, Denis"]
[Black "Kopylov, Alexander A"]
[Result "1-0"]
[WhiteElo "2664"]
[BlackElo "2446"]
[PlyCount "93"]
[EventDate "2012.07.05"]

1. d4 Nf6 2. c4 e6 3. Nc3 c5 4. d5 exd5 5. cxd5 d6 6. Nf3 g6 7. Bf4 a6 8. a4
Bg7 9. e3 Nh5 10. Bg5 Qc7 11. Nd2 Nd7 12. Be2 Nhf6 13. O-O O-O 14. Qc2 b6 15.
e4 Bb7 16. Rae1 Rae8 17. Bh4 Kh8 18. f4 Ng8 19. Bd3 Nh6 20. Nc4 Bc8 21. Bg3 f6
22. Qb3 Qb8 23. Kh1 Re7 24. h3 Rfe8 25. Bh4 Nf7 26. Bg3 Nh6 27. Kh2 Nf7 28. Re2
Nh6 29. Rf3 Nf7 30. Ref2 Nh6 31. Kh1 f5 32. exf5 Nxf5 33. Bxf5 gxf5 34. Bh4
Re1+ 35. Rf1 Rxf1+ 36. Rxf1 Bd4 37. Qd1 Bf6 38. Qh5 Rf8 39. Re1 b5 40. axb5
axb5 41. Na5 b4 42. Nc6 Qb7 43. Nd1 Qc7 44. Ne7 Qd8 45. Ng6+ Kg8 46. Nxf8 Bxh4
47. Re8 1-0

[Event "L. Polugaevsky Memorial 2012"]
[Site "Samara"]
[Date "2012.07.06"]
[Round "2.2"]
[White "Predke, Alexandr"]
[Black "Timofeev, Artyom"]
[Result "1/2-1/2"]
[WhiteElo "2464"]
[BlackElo "2641"]
[PlyCount "142"]
[EventDate "2012.07.05"]

1. Nf3 c5 2. c4 Nc6 3. d4 cxd4 4. Nxd4 Qb6 5. Nb3 e6 6. Nc3 Bb4 7. Bd2 Nf6 8.
e3 O-O 9. Be2 d5 10. cxd5 Nxd5 11. Nxd5 exd5 12. O-O Rd8 13. Bxb4 Qxb4 14. Bf3
d4 15. Bxc6 bxc6 16. Nxd4 Ba6 17. Re1 c5 18. Qb3 Qb6 19. Nf3 Bb7 20. Ne5 Qxb3
21. axb3 Bd5 22. Rec1 f6 23. Nc4 Bxc4 24. Rxc4 Rd2 25. Rxc5 Rxb2 26. Rc3 Rd8
27. g4 Rd7 28. Ra5 Rb7 29. Kg2 R2xb3 30. Rxb3 Rxb3 31. Rxa7 Rb5 32. Ra8+ Kf7
33. Rh8 h6 34. e4 Ra5 35. Kg3 Rb5 36. h4 g6 37. Rh7+ Kg8 38. Rd7 g5 39. h5 Rb3+
40. Kg2 Ra3 41. Kf1 Ra4 42. f3 Ra2 43. Ke1 Rb2 44. Rd2 Rb3 45. Ke2 Kf7 46. Rd7+
Kg8 47. Rd3 Rb1 48. Rd8+ Kf7 49. Rd7+ Kg8 50. e5 fxe5 51. Re7 Rb3 52. Rxe5 Kf7
53. Ra5 Kg7 54. Ra7+ Kg8 55. Ra6 Kg7 56. Rg6+ Kh7 57. Rd6 Kg7 58. Rd7+ Kg8 59.
Rd3 Rxd3 60. Kxd3 Kf7 61. Kd4 Ke6 62. Ke4 Kf6 63. Kd5 Kf7 64. Kd6 Kf6 65. Kd5
Kf7 66. Ke5 Ke7 67. Kf5 Kf7 68. f4 gxf4 69. Kxf4 Kf6 70. g5+ hxg5+ 71. Kg4 Kg7
1/2-1/2

[Event "L. Polugaevsky Memorial 2012"]
[Site "Samara"]
[Date "2012.07.06"]
[Round "2.3"]
[White "Kokarev, Dmitry"]
[Black "Smirnov, Alexey"]
[Result "1-0"]
[WhiteElo "2616"]
[BlackElo "2414"]
[PlyCount "45"]
[EventDate "2012.07.05"]

1. e4 c5 2. Nf3 d6 3. d4 cxd4 4. Nxd4 Nf6 5. Nc3 a6 6. Bg5 e6 7. f4 b5 8. e5
dxe5 9. fxe5 Qc7 10. exf6 Qe5+ 11. Be2 Qxg5 12. O-O Qe5 13. Nf3 Qe3+ 14. Kh1
Bb7 15. Re1 Qf4 16. Nxb5 axb5 17. Bxb5+ Bc6 18. Qd5 Ra6 19. Rad1 Be7 20. Qd3
Bxf6 21. Bxa6 Nxa6 22. Qxa6 Qc7 23. Nd4 1-0

[Event "L. Polugaevsky Memorial 2012"]
[Site "Samara"]
[Date "2012.07.06"]
[Round "2.6"]
[White "Smirnov, Pavel"]
[Black "Fatkhutdinov, Gafiyat"]
[Result "1-0"]
[WhiteElo "2592"]
[BlackElo "2354"]
[PlyCount "141"]
[EventDate "2012.07.05"]

1. d4 d5 2. c4 c6 3. Nc3 Nf6 4. e3 a6 5. Nf3 b5 6. c5 Bg4 7. Qb3 Bxf3 8. gxf3
e5 9. a4 Nbd7 10. Na2 Qc8 11. Nb4 Be7 12. axb5 axb5 13. Rxa8 Qxa8 14. Qa3 Qb7
15. Qa6 Qxa6 16. Nxa6 Kd8 17. Bh3 exd4 18. exd4 Kc8 19. Bg5 Kb7 20. Nb4 h6 21.
Be3 Ra8 22. Kd2 Bd8 23. Nd3 Bc7 24. f4 Nf8 25. Ne5 Ne4+ 26. Kc2 Re8 27. f3 Nf6
28. Rg1 Nh5 29. Bg4 Nf6 30. Bf5 Nh5 31. Bd2 Ne6 32. Bxe6 Rxe6 33. Nxf7 Re2 34.
Nd6+ Kb8 35. b4 Bxd6 36. cxd6 Re6 37. f5 Rxd6 38. Re1 Rf6 39. Re5 Kc7 40. Be1
Kd7 41. Bh4 Rf7 42. Kd2 Nf4 43. Bg3 Nh5 44. Ke3 Nf6 45. Kf4 Ne8 46. Kg4 Nd6 47.
h3 Rf8 48. h4 Rf7 49. h5 Rf8 50. Bf4 Rf7 51. Bh2 Rf8 52. Bg3 Rf7 53. Bh4 Nc4
54. Re2 Nd6 55. Ra2 Kc8 56. f6 gxf6 57. Ra8+ Kd7 58. Rh8 Ke6 59. Rxh6 Nf5 60.
Rh8 Rg7+ 61. Kh3 Nxd4 62. h6 Rf7 63. Kg4 Nf5 64. h7 Ne7 65. f4 Rg7+ 66. Kh5 Rf7
67. Bf2 Rg7 68. Bc5 Rg2 69. Bxe7 Rh2+ 70. Kg4 d4 71. Bc5 1-0

[Event "L. Polugaevsky Memorial 2012"]
[Site "Samara"]
[Date "2012.07.06"]
[Round "2.10"]
[White "Duzhakov, Ilya"]
[Black "Fedorov, Alexei"]
[Result "0-1"]
[WhiteElo "2342"]
[BlackElo "2562"]
[PlyCount "60"]
[EventDate "2012.07.05"]

1. d4 Nf6 2. c4 g6 3. g3 c5 4. d5 b5 5. Bg2 d6 6. b3 Bg7 7. Bb2 bxc4 8. bxc4
Nbd7 9. Nd2 Qa5 10. Qc2 Nb6 11. Rc1 O-O 12. e4 Rb8 13. Ne2 Nxc4 14. Bc3 Qa6 15.
Nxc4 Qxc4 16. O-O Ba6 17. Rfe1 Ng4 18. h3 Ne5 19. Nf4 Bb5 20. Re3 Qa4 21. Qxa4
Bxa4 22. Ba1 Rb7 23. Ne2 Bb5 24. Nc3 Ba6 25. Rd1 Rfb8 26. f4 Nc4 27. Ree1 Bd4+
28. Kh1 Nb2 29. Bxb2 Rxb2 30. Rc1 Bf2 0-1

[Event "L. Polugaevsky Memorial 2012"]
[Site "Samara"]
[Date "2012.07.06"]
[Round "2.11"]
[White "Kovalenko, Igor"]
[Black "Iliushkin, Evgeny"]
[Result "0-1"]
[WhiteElo "2556"]
[BlackElo "2264"]
[PlyCount "102"]
[EventDate "2012.07.05"]

1. d4 Nf6 2. c4 e6 3. Nf3 b6 4. e3 Bb7 5. Bd3 Be7 6. O-O O-O 7. Nc3 d5 8. cxd5
exd5 9. b3 Ne4 10. Bb2 Nd7 11. Rc1 Nxc3 12. Rxc3 Bd6 13. Qc1 Qe7 14. Rxc7 Bxc7
15. Qxc7 Bc8 16. Rc1 a6 17. Qc6 Rb8 18. Qxd5 Bb7 19. Qh5 Nf6 20. Qh4 Be4 21.
Bxe4 Qxe4 22. Qxe4 Nxe4 23. Ne1 Rbc8 24. Ra1 Rfe8 25. Kf1 Nc3 26. g4 a5 27. Kg2
a4 28. bxa4 Nxa4 29. Rb1 Rc4 30. Kf3 Rb4 31. Nd3 Rb5 32. e4 Ra8 33. Ke3 Nxb2
34. Rxb2 Rxb2 35. Nxb2 Ra3+ 36. Nd3 g5 37. e5 Kf8 38. h3 Rxa2 39. f4 gxf4+ 40.
Nxf4 b5 41. d5 b4 42. d6 b3 43. e6 fxe6 44. Nxe6+ Ke8 45. Kd3 Rh2 46. d7+ Kxd7
47. Nc5+ Kd6 48. Nxb3 Rxh3+ 49. Kc2 Ke5 50. Nd2 Kf4 51. Kd1 Re3 0-1

[Event "L. Polugaevsky Memorial 2012"]
[Site "Samara"]
[Date "2012.07.06"]
[Round "2.12"]
[White "Nugumanov, Bakhtiyar"]
[Black "Geller, Jakov"]
[Result "0-1"]
[WhiteElo "2279"]
[BlackElo "2555"]
[PlyCount "84"]
[EventDate "2012.07.05"]

1. d4 d5 2. Nf3 Nf6 3. Bf4 c5 4. e3 Qb6 5. Nc3 a6 6. dxc5 Qxc5 7. Qd4 e6 8. Be2
Nc6 9. Qd2 b5 10. O-O Be7 11. a3 O-O 12. Nd4 Bb7 13. Rfd1 Rac8 14. Bd3 Nh5 15.
Nb3 Qb6 16. Ne2 e5 17. Ng3 exf4 18. Nxh5 fxe3 19. Qxe3 Qxe3 20. fxe3 Bg5 21.
Nf4 d4 22. Nc5 Ba8 23. Ne4 Bh6 24. Nd6 dxe3 25. Nxc8 Bxf4 26. Nb6 e2 27. Bxe2
Be3+ 28. Kf1 Bxb6 29. Bf3 Nd4 30. Bxa8 Rxa8 31. Rd2 Nf5 32. g3 Ne3+ 33. Ke2 Nc4
34. Rd5 Re8+ 35. Kf3 Nxb2 36. Rb1 Na4 37. Rb3 Rc8 38. Rbd3 g6 39. Rd2 h5 40. g4
hxg4+ 41. Kxg4 Nc3 42. Rd7 Ne4 0-1

[Event "L. Polugaevsky Memorial 2012"]
[Site "Samara"]
[Date "2012.07.06"]
[Round "2.13"]
[White "Tukhaev, Adam"]
[Black "Mirzoeva, Elmira"]
[Result "1-0"]
[WhiteElo "2546"]
[BlackElo "2251"]
[PlyCount "91"]
[EventDate "2012.07.05"]

1. e4 c6 2. d4 d5 3. e5 Bf5 4. Nf3 e6 5. Be2 c5 6. Be3 Qb6 7. Nc3 Nc6 8. O-O
Qxb2 9. Qe1 cxd4 10. Bxd4 Nxd4 11. Nxd4 Bb4 12. Ndb5 Ba5 13. Rb1 Qxc2 14. Rb3
Ne7 15. Nd4 Bxc3 16. Rxc3 Qe4 17. Bb5+ Kf8 18. Qd2 Qxe5 19. Rfc1 a6 20. Rc7 Kg8
21. Qb4 Nc6 22. R7xc6 h6 23. Rc8+ Kh7 24. Rxa8 Rxa8 25. Bf1 Qf4 26. Qb2 Bg6 27.
g3 Qg5 28. Rc7 Re8 29. Rxb7 e5 30. Nf3 Qf6 31. Nd2 d4 32. Rb6 Re6 33. Rxe6 Qxe6
34. Qb3 Qd6 35. Bc4 f5 36. Qb7 Qf6 37. Qd5 h5 38. Nf3 d3 39. Qg8+ Kh6 40. Qh8+
Bh7 41. Bg8 Qg6 42. Bxh7 Qxh7 43. Qd8 Qg6 44. Nxe5 Qe6 45. Qh8+ Kg5 46. Qxg7+
1-0

[Event "L. Polugaevsky Memorial 2012"]
[Site "Samara"]
[Date "2012.07.06"]
[Round "2.15"]
[White "Iljushin, Alexei"]
[Black "Natacheev, Peter"]
[Result "0-1"]
[WhiteElo "2517"]
[BlackElo "2242"]
[PlyCount "48"]
[EventDate "2012.07.05"]

1. d4 d5 2. c4 c6 3. Nf3 Nf6 4. Nc3 a6 5. c5 g6 6. Bf4 Bg7 7. h3 O-O 8. e3 Bf5
9. Qb3 Qc8 10. Na4 Nbd7 11. Ne5 Nxe5 12. Nb6 Qd8 13. Nxa8 Ned7 14. Qxb7 Qa5+
15. Ke2 Ne4 16. b4 Qa3 17. Kf3 e5 18. Nb6 Nxb6 19. cxb6 exf4 20. Qxa6 Qb2 21.
Be2 g5 22. g4 Nd2+ 23. Kg2 Be4+ 24. Kh2 Nf3+ 0-1

[Event "L. Polugaevsky Memorial 2012"]
[Site "Samara"]
[Date "2012.07.06"]
[Round "2.16"]
[White "Goganov, Aleksey"]
[Black "Korchmar, Vasiliy"]
[Result "1-0"]
[WhiteElo "2509"]
[BlackElo "2236"]
[PlyCount "115"]
[EventDate "2012.07.05"]

1. d4 d5 2. c4 c6 3. Nf3 Nf6 4. e3 e6 5. b3 Bd6 6. Bb2 Nbd7 7. Bd3 O-O 8. O-O
Ne4 9. Nbd2 f5 10. Ne5 Nxd2 11. Qxd2 Nxe5 12. dxe5 Be7 13. Rfd1 b6 14. Qc2 Bb7
15. cxd5 cxd5 16. Rac1 Rc8 17. Qe2 Qd7 18. Rxc8 Rxc8 19. e4 fxe4 20. Bxe4 Qe8
21. Bb1 Bc5 22. Qg4 Qf7 23. Qh4 g6 24. Rd3 Rf8 25. Rf3 Qe7 26. Rf6 Rxf6 27.
exf6 Qf7 28. Qf4 Bc6 29. h4 Be8 30. Qe5 b5 31. Bd3 Bb6 32. h5 Bc7 33. Qg5 Bd6
34. hxg6 hxg6 35. Qe3 Bc7 36. g3 Bd8 37. Qg5 Bb6 38. Be5 Bc5 39. Qg4 Bb6 40. b4
Bd8 41. Qg5 Bb6 42. Qc1 Qd7 43. Qc2 Kh7 44. Qe2 Kg8 45. Qg4 Qf7 46. Kg2 Bd8 47.
Qg5 Bb6 48. f3 Bd8 49. g4 Bb6 50. Qc1 Qd7 51. Qc2 Kh7 52. Kg3 Qf7 53. f4 Kg8
54. Kh4 Bd8 55. Kg5 Kh7 56. Qh2+ Kg8 57. Qh6 Qh7 58. Bxg6 1-0

[Event "L. Polugaevsky Memorial 2012"]
[Site "Samara"]
[Date "2012.07.06"]
[Round "2.17"]
[White "Purygin, Andrei"]
[Black "Fedoseev, Vladimir"]
[Result "1/2-1/2"]
[WhiteElo "2249"]
[BlackElo "2506"]
[PlyCount "147"]
[EventDate "2012.07.05"]

1. d4 d5 2. c4 c6 3. Nf3 e6 4. e3 Bd6 5. Nc3 f5 6. Bd3 Qf6 7. b3 Nd7 8. Bb2 Nh6
9. Qc2 O-O 10. O-O-O Qe7 11. h3 Kh8 12. Ne2 dxc4 13. bxc4 c5 14. Nf4 b5 15.
cxb5 Bb7 16. Ne5 Bxe5 17. dxe5 c4 18. Be2 Rfc8 19. Rd6 Nc5 20. Bc3 g5 21. Nxe6
Nxe6 22. Rhd1 Be4 23. Qb2 Bd3 24. Bf3 Nf7 25. Bd5 Nfd8 26. Qb4 Qe8 27. Bxa8
Rxa8 28. R1xd3 cxd3 29. Qc4 f4 30. exf4 gxf4 31. Rxd3 Nf7 32. Qc6 Qxc6 33. bxc6
Rc8 34. Rd7 Rxc6 35. Kd2 Nfg5 36. f3 Kg8 37. Rxa7 Nc7 38. a4 Nd5 39. Bd4 Ne6
40. Rd7 Nxd4 41. Rxd5 Nb3+ 42. Kd3 Kf8 43. Ke4 Rc4+ 44. Kf5 Ke7 45. a5 Ra4 46.
a6 Nd4+ 47. Kxf4 Ne6+ 48. Kg3 Rxa6 49. h4 Ra7 50. h5 Kf8 51. Rd6 Ng5 52. Rf6+
Ke7 53. Rh6 Ke8 54. Kf4 Rg7 55. Ra6 Nf7 56. g4 Nd8 57. g5 Rc7 58. g6 hxg6 59.
hxg6 Ke7 60. Rf6 Ne6+ 61. Kf5 Ng7+ 62. Ke4 Ke8 63. f4 Nh5 64. Re6+ Kf8 65. f5
Kg7 66. Ra6 Kh6 67. e6 Kg5 68. Ke5 Rc5+ 69. Kd6 Rxf5 70. e7 Rf6+ 71. Kc7 Ng7
72. Ra1 Re6 73. Kd7 Re2 74. Ra8 1/2-1/2

[Event "L. Polugaevsky Memorial 2012"]
[Site "Samara"]
[Date "2012.07.06"]
[Round "2.18"]
[White "Ovetchkin, Roman"]
[Black "Khanin, Semen"]
[Result "1-0"]
[WhiteElo "2501"]
[BlackElo "2221"]
[PlyCount "47"]
[EventDate "2012.07.05"]

1. d4 Nf6 2. Nf3 g6 3. g3 Bg7 4. Bg2 O-O 5. O-O d6 6. Nc3 Nbd7 7. a4 e5 8. dxe5
dxe5 9. a5 Qe7 10. b3 e4 11. Ba3 c5 12. Ng5 e3 13. f4 h6 14. Nf3 Ne4 15. Nxe4
Bxa1 16. Qxa1 Qxe4 17. Qc3 Qe6 18. Bb2 f6 19. Nh4 Kg7 20. Nxg6 Re8 21. Nh4 c4
22. Rd1 Nc5 23. Rd5 Qe7 24. Rxc5 1-0

[Event "L. Polugaevsky Memorial 2012"]
[Site "Samara"]
[Date "2012.07.06"]
[Round "2.19"]
[White "Zhurikhin, Alexander"]
[Black "Nakhapetiane, Pogos"]
[Result "0-1"]
[WhiteElo "2240"]
[BlackElo "2497"]
[PlyCount "72"]
[EventDate "2012.07.05"]

1. e4 c5 2. Nf3 Nc6 3. Bb5 d6 4. O-O Bd7 5. Re1 Nf6 6. c3 a6 7. Bf1 Bg4 8. d4
cxd4 9. cxd4 d5 10. e5 Nd7 11. e6 Bxe6 12. Rxe6 fxe6 13. Nc3 Qb6 14. g3 g6 15.
Bh3 Nd8 16. Ng5 Bg7 17. Bf4 Nf8 18. Qe2 Qxd4 19. Re1 Qc4 20. Qd2 Rc8 21. Rc1
Qb4 22. a3 Qb3 23. Nf3 Nd7 24. Nd4 Bxd4 25. Qxd4 O-O 26. Re1 Qxb2 27. Bd2 Qb6
28. Qxb6 Nxb6 29. Ne2 Nc4 30. Bb4 Ne5 31. Nd4 Nd3 32. Bxe6+ Nxe6 33. Rxe6 Rc1+
34. Kg2 Rxf2+ 35. Kh3 Nxb4 36. axb4 Rc4 0-1

[Event "L. Polugaevsky Memorial 2012"]
[Site "Samara"]
[Date "2012.07.06"]
[Round "2.20"]
[White "Kabanov, Nikolai"]
[Black "Artamonov, Valery"]
[Result "1-0"]
[WhiteElo "2496"]
[BlackElo "2211"]
[PlyCount "111"]
[EventDate "2012.07.05"]

1. e4 c5 2. Nf3 Nc6 3. Bb5 g6 4. Bxc6 dxc6 5. d3 Bg7 6. h3 Nf6 7. Nc3 e5 8.
Nxe5 Nxe4 9. Nxe4 Bxe5 10. O-O O-O 11. Nxc5 b6 12. Re1 Bg7 13. Ne4 c5 14. Bg5
f6 15. Bf4 g5 16. Bd6 Rf7 17. Bh2 Bf8 18. Qh5 Bb7 19. h4 Qd5 20. hxg5 fxg5 21.
Qxg5+ Qxg5 22. Nxg5 Rg7 23. Ne4 Rg6 24. Be5 Be7 25. Re3 Kf7 26. Rae1 Rag8 27.
Rg3 Ke6 28. Rxg6+ Rxg6 29. Bc3 Kf7 30. Re3 b5 31. a3 b4 32. axb4 cxb4 33. Bd4
a5 34. b3 Rc6 35. Re2 Rc8 36. Bb6 Ra8 37. Bc5 Bxe4 38. Bxe7 Bd5 39. Bc5 a4 40.
bxa4 Rxa4 41. f3 b3 42. c4 Ra2 43. Rxa2 bxa2 44. Bd4 Be6 45. Kf2 h5 46. Bb2 Kg6
47. g3 Bc8 48. Ke3 Kf5 49. d4 Ke6 50. d5+ Kd6 51. Kd4 Bh3 52. c5+ Kc7 53. Ke4
Bg2 54. Be5+ Kb7 55. Ke3 Ka6 56. d6 1-0

[Event "L. Polugaevsky Memorial 2012"]
[Site "Samara"]
[Date "2012.07.06"]
[Round "2.21"]
[White "Popov, Alexey"]
[Black "Bukavshin, Ivan"]
[Result "0-1"]
[WhiteElo "2229"]
[BlackElo "2487"]
[PlyCount "100"]
[EventDate "2012.07.05"]

1. d4 Nf6 2. c4 g6 3. Nc3 d5 4. Bg5 Ne4 5. cxd5 Nxg5 6. h4 Ne4 7. Nxe4 Qxd5 8.
Nc3 Qd8 9. h5 Bg7 10. e3 O-O 11. hxg6 hxg6 12. Bc4 c5 13. Nge2 cxd4 14. Nxd4 e6
15. Qg4 Nd7 16. O-O-O Qe7 17. Qh3 Rd8 18. Qh7+ Kf8 19. Nde2 b6 20. Nf4 Nc5 21.
Qh8+ Bxh8 22. Rxh8+ Kg7 23. Rdxd8 Bb7 24. Rxa8 Bxa8 25. Rxa8 Qc7 26. b3 a6 27.
Kb2 b5 28. Be2 b4 29. Nb1 Ne4 30. Rxa6 Qe5+ 31. Kc1 Nxf2 32. Kd2 Qb2+ 33. Ke1
Ne4 34. Bd3 Qf2+ 35. Kd1 Nc3+ 36. Kc1 Qxe3+ 37. Kc2 Nxb1 38. Kxb1 Qxf4 39. a3
bxa3 40. Rxa3 Qd6 41. Kb2 Qxd3 42. b4 Qe2+ 43. Kb3 Qxg2 44. b5 g5 45. Ra4 g4
46. Rb4 Qd5+ 47. Kc2 Qc5+ 48. Kb3 Qxb4+ 49. Kxb4 g3 50. b6 g2 0-1

[Event "L. Polugaevsky Memorial 2012"]
[Site "Samara"]
[Date "2012.07.06"]
[Round "2.23"]
[White "Klyuev, Alexander S"]
[Black "Virovlansky, Semen"]
[Result "1/2-1/2"]
[WhiteElo "2191"]
[BlackElo "2471"]
[PlyCount "82"]
[EventDate "2012.07.05"]

1. c4 e5 2. Nc3 Bb4 3. g3 Bxc3 4. dxc3 Nc6 5. Bg2 d6 6. Nf3 Nge7 7. O-O Be6 8.
b3 h6 9. Ne1 Qd7 10. Nd3 Bh3 11. e4 Bxg2 12. Kxg2 O-O 13. Be3 f5 14. f3 Rf7 15.
Qe2 Raf8 16. Bd2 fxe4 17. fxe4 b6 18. Rxf7 Rxf7 19. Rf1 Rxf1 20. Qxf1 a5 21. a4
Qe6 22. Qf3 Qg6 23. Nf2 Nd8 24. Be3 Ne6 25. Qg4 Qxg4 26. Nxg4 Kf7 27. Nf2 Ng8
28. Kf3 Nf6 29. Nd3 g5 30. Nf2 h5 31. h3 Kg6 32. h4 Nd7 33. Nd3 Nf6 34. Nf2 Nh7
35. Nd3 Kf6 36. b4 gxh4 37. gxh4 Nhf8 38. c5 dxc5 39. bxa5 bxa5 40. Bxc5 Ng6
41. Bf2 Nd8 1/2-1/2

[Event "L. Polugaevsky Memorial 2012"]
[Site "Samara"]
[Date "2012.07.06"]
[Round "2.24"]
[White "Aseeva, Anastasia"]
[Black "Bocharov, Dmitry"]
[Result "0-1"]
[WhiteElo "2012"]
[BlackElo "2600"]
[PlyCount "62"]
[EventDate "2012.07.05"]

1. d4 Nf6 2. c4 e6 3. Nf3 b6 4. g3 Ba6 5. b3 d5 6. Nbd2 Bb4 7. Qc2 O-O 8. Bg2
c5 9. Bb2 Nc6 10. dxc5 bxc5 11. O-O d4 12. Ng5 Bb7 13. Rad1 Qe7 14. h3 h6 15.
Ngf3 Rad8 16. Ne1 e5 17. Kh2 Rfe8 18. e4 dxe3 19. fxe3 Bxd2 20. Rxd2 Nb4 21.
Qd1 Ne4 22. Bxe4 Bxe4 23. a3 Rxd2+ 24. Qxd2 Rd8 25. Qc3 Nd3 26. Bc1 Nxc1 27.
Qxc1 Qd6 28. Rf2 Qd1 29. Qc3 f6 30. b4 Rd3 31. Qc2 Qxe1 0-1